00673nam a2200169 a 450000500170000000800410001702000220005805000240008024501760010426000690028030000300034950000790037952100090045854600100046754600100047765000160048720140310183347.0070227s19uu xx 00 eng d a978-971-93766-1-3 aHF 5549b.G573 2007 aThe 4 GEMS (Goal-setting, executing, measuring, sustaining) of management :bbasic principles of management /cedited by Orlando S. Zorilla, FPM , Nicanor A. Matias, Ph.D. aPasig City, Philippines :bThe Philcoman Foundation, Inc,c2007. a227 p. : bill. ;c26 cm. aA must reference book for management students, teachers and practitioners. aBSBA aC8260 aC8261 aManagement.